[Event "2BLN 2324 SK Zehlendorf - SC Rotation Pa"]
[Site "?"]
[Date "2024.02.25"]
[Round "8.3"]
[White "Tomczak, Rafal"]
[Black "Sawlin, Leonid"]
[Result "1/2-1/2"]
[WhiteElo "2301"]
[BlackElo "2402"]
[PlyCount "165"]
[EventDate "2024.??.??"]

1. e4 g6 2. d4 Bg7 3. Nf3 d6 4. c3 Nf6 5. Bd3 Nbd7 6. h3 O-O 7. Be3 e5 8. O-O Re8 9. Nbd2 Nh5 10. Re1 Nf8 11. Qb3 Ne6 12. Rad1 Qe7 13. Nc4 exd4 14. cxd4 Nhf4 15. Bf1 d5 16. Ncd2 Qd8 17. Bxf4 Nxf4 18. exd5 Rf8 19. Bc4 a6 20. a4 b5 21. axb5 Rb8 22. Ne5 axb5 23. Nc6 bxc4 24. Qg3 Qd6 25. Nxb8 Nd3 26. Qxd6 cxd6 27. Nxc4 Nxe1 28. Rxe1 Bxd4 29. Nc6 Ba6 30. Nxd6 Bxb2 31. Ne4 Kg7 32. Nc5 Bc4 33. d6 Ba3 34. d7 Bxc5 35. d8=Q Rxd8 36. Nxd8 Bb6 37. Nc6 Bd5 38. Ne5 Bd4 39. Rd1 Bxe5 40. Rxd5 Bf4 41. Kf1 h5 42. Ke2 Bc1 43. Kd3 Bb2 44. Rd7 Ba1 45. Ke4 Kg8 46. Kd5 Bb2 47. Rb7 Bc3 48. Kd6 Bd4 49. f3 Kf8 50. Rb8+ Kg7 51. Ke7 Bc5+ 52. Ke8 f5 53. Rb7+ Kg8 54. Kd7 Bd4 55. Ke6 Bc3 56. Rf7 Bd4 57. h4 Bc3 58. Rc7 Bb2 59. Rc2 Ba1 60. Ra2 Bc3 61. Ra4 Kg7 62. Ra7+ Kg8 63. Rf7 Bb2 64. Rxf5 gxf5 65. Kxf5 Kg7 66. Kg5 Bc1+ 67. Kxh5 Kf6 68. g4 Bf4 69. g5+ Kg7 70. Kg4 Bd2 71. f4 Kf7 72. f5 Bc3 73. h5 Bb2 74. h6 Bc3 75. Kh5 Bb2 76. g6+ Kf6 77. Kg4 Be5 78. Kf3 Bb2 79. Ke4 Bc3 80. Kd5 Ke7 81. g7 Kf7 82. Kd6 Bf6 83. Kd7 1/2-1/2

[Event "2BLN 2324 SK Zehlendorf - SC Rotation Pa"]
[Site "?"]
[Date "2024.02.25"]
[Round "8.4"]
[White "Tazbir, Marcin"]
[Black "Dauth, Benjamin"]
[Result "1-0"]
[WhiteElo "2490"]
[BlackElo "2217"]
[PlyCount "81"]
[EventDate "2024.??.??"]

1. e4 d5 2. exd5 Qxd5 3. Nc3 Qd6 4. g3 Nf6 5. Bg2 c6 6. Nf3 Bg4 7. h3 Bxf3 8. Qxf3 Nbd7 9. O-O e6 10. Ne2 Ne5 11. Qb3 Qb4 12. d4 Qxb3 13. axb3 Ned7 14. c3 a6 15. b4 O-O-O 16. f4 Nb6 17. b3 Be7 18. Bd2 c5 19. bxc5 Bxc5 20. Ra2 Be7 21. c4 Rd7 22. Be3 Na8 23. Bf2 Nc7 24. Nc1 Rhd8 25. Nd3 Bf8 26. Ne5 Re7 27. b4 Nd7 28. Nd3 g6 29. Nc5 Nxc5 30. bxc5 Bg7 31. Rb1 Ne8 32. d5 f5 33. d6 Rf7 34. Re2 Nf6 35. Rxe6 Ne4 36. Bxe4 fxe4 37. Rxe4 Bc3 38. Rb3 Ba5 39. Re2 Rdd7 40. Reb2 Kb8 41. Ra2 1-0

[Event "2BLN 2324 SK Zehlendorf - SC Rotation Pa"]
[Site "?"]
[Date "2024.02.25"]
[Round "8.5"]
[White "Neumeier, Lars"]
[Black "Brodowski, Piotr"]
[Result "0-1"]
[WhiteElo "2329"]
[BlackElo "2441"]
[PlyCount "130"]
[EventDate "2024.??.??"]

1. d4 Nf6 2. Nf3 e6 3. e3 b6 4. Bd3 Bb7 5. Nbd2 c5 6. O-O Nc6 7. b3 cxd4 8. exd4 Nb4 9. Be2 Nbd5 10. Bb2 Bb4 11. Nc4 O-O 12. Qc1 Nc3 13. Bd3 Bxf3 14. gxf3 b5 15. Ne5 Nfd5 16. a3 Bd6 17. Qd2 Rc8 18. Bxc3 Nxc3 19. Kh1 f6 20. Ng4 f5 21. Ne5 Bxe5 22. dxe5 Qh4 23. Rg1 Qd4 24. Qe3 Qxe3 25. fxe3 f4 26. e4 Rc5 27. Rg5 h6 28. Rg6 Rf7 29. b4 Rxe5 30. a4 bxa4 31. Ra3 Nd1 32. Rg1 Nf2+ 33. Kg2 Nxd3 34. cxd3 a5 35. Rxa4 axb4 36. Rxb4 Rc5 37. Rf1 Rc3 38. Rd4 Rc7 39. h4 Rf6 40. h5 Kf7 41. Kh3 Ke7 42. Ra1 Rf8 43. Rg1 Rf7 44. Ra1 Rc5 45. Kh4 Rf8 46. Rg1 Rg8 47. Ra4 Rc3 48. Rd4 Rc2 49. Rg6 Rh2+ 50. Kg4 Rg2+ 51. Kxf4 Rf8+ 52. Ke3 Rxg6 53. hxg6 Rf6 54. Ra4 Rxg6 55. e5 Rg1 56. Kf2 Rd1 57. Rg4 g5 58. d4 Kf7 59. Ke2 Rh1 60. Ke3 Kg6 61. Rg2 Re1+ 62. Kd3 h5 63. Ra2 h4 64. Ra8 Kg7 65. Kd2 h3 0-1

[Event "2BLN 2324 SK Zehlendorf - SC Rotation Pa"]
[Site "?"]
[Date "2024.02.25"]
[Round "8.6"]
[White "Stachowiak, Kamil"]
[Black "Mueller, Michael"]
[Result "1-0"]
[WhiteElo "2424"]
[BlackElo "2231"]
[PlyCount "63"]
[EventDate "2024.??.??"]

1. d4 d5 2. Nf3 Nf6 3. c4 e6 4. Nc3 c6 5. Bg5 Be7 6. e3 Nbd7 7. Qc2 O-O 8. cxd5 exd5 9. Bd3 Re8 10. O-O-O Nf8 11. h3 Be6 12. Kb1 Rc8 13. g4 a6 14. Ne5 c5 15. f4 cxd4 16. exd4 Ne4 17. Bxe7 Nxc3+ 18. Qxc3 Rxe7 19. Qd2 Qb6 20. g5 Bd7 21. Bc2 Bb5 22. f5 f6 23. gxf6 Qxf6 24. Rhg1 Nd7 25. Ng4 Qh4 26. f6 Rxc2 27. Nh6+ Kh8 28. fxe7 Rc8 29. Nf7+ Kg8 30. Nd6 Rb8 31. Rxg7+ Kh8 32. Rdg1 1-0

[Event "2BLN 2324 SK Zehlendorf - SC Rotation Pa"]
[Site "?"]
[Date "2024.02.25"]
[Round "8.7"]
[White "Seils, Joerg"]
[Black "Lagunow, Alexander"]
[Result "1/2-1/2"]
[WhiteElo "2311"]
[BlackElo "2345"]
[PlyCount "47"]
[EventDate "2024.??.??"]

1. e4 c5 2. Nf3 d6 3. Bb5+ Nd7 4. c3 Ngf6 5. Qe2 a6 6. Ba4 b5 7. Bc2 Bb7 8. O-O e6 9. d4 Be7 10. Bf4 O-O 11. Nbd2 cxd4 12. cxd4 Qb6 13. Rac1 Rfc8 14. Bb1 Bf8 15. h3 g6 16. Qe3 Rxc1 17. Rxc1 Rc8 18. Rxc8 Bxc8 19. Qc3 Bb7 20. Be3 Qd8 21. Bg5 h6 22. Bh4 Be7 23. Bg3 Kg7 24. Bf4 1/2-1/2

[Event "2BLN 2324 SK Zehlendorf - SC Rotation Pa"]
[Site "?"]
[Date "2024.02.25"]
[Round "8.8"]
[White "Morczynski, Joachim"]
[Black "Guth, Thomas"]
[Result "0-1"]
[WhiteElo "1871"]
[BlackElo "2224"]
[PlyCount "48"]
[EventDate "2024.??.??"]

1. e4 e6 2. d4 d5 3. Nc3 Bb4 4. e5 Ne7 5. a3 Bxc3+ 6. bxc3 c5 7. Qg4 Qc7 8. Bd3 cxd4 9. Ne2 dxc3 10. Qxg7 Rg8 11. Qxh7 Nd7 12. Bf4 Nf8 13. Bb5+ Bd7 14. Qd3 Rc8 15. Rb1 a6 16. Bxd7+ Nxd7 17. Bg3 Nf5 18. f4 Nc5 19. Qxc3 Ne4 20. Qd3 b5 21. O-O Nfxg3 22. hxg3 Qc5+ 23. Nd4 Nxg3 24. Rf3 Qxd4+ 0-1

[Event "2BLN 2324 SK Doppelbauer Turm Kiel II -"]
[Site "?"]
[Date "2024.02.25"]
[Round "8.1"]
[White "Socko, Bartosz"]
[Black "Olsen, Filip Boe"]
[Result "1-0"]
[WhiteElo "2549"]
[BlackElo "2454"]
[PlyCount "85"]
[EventDate "2024.??.??"]

1. e4 c6 2. d4 d5 3. exd5 cxd5 4. Bd3 Nc6 5. c3 Qc7 6. h3 Nf6 7. Nf3 e6 8. O-O Bd6 9. Re1 O-O 10. Qe2 Nd7 11. Nbd2 Re8 12. Nf1 h6 13. Ne3 Nf6 14. Nc2 Nd7 15. Be3 f6 16. Rad1 a6 17. a4 Nf8 18. Bc1 Bd7 19. Ne3 Ne7 20. Bc2 b5 21. axb5 axb5 22. Bd3 Rab8 23. Ng4 Neg6 24. g3 e5 25. dxe5 fxe5 26. Bxg6 Nxg6 27. Rxd5 e4 28. Nd4 b4 29. Bxh6 bxc3 30. bxc3 Bxg3 31. Rxd7 Qxd7 32. fxg3 Qd6 33. Qc4+ Kh7 34. Nf5 Qe6 35. Qxe6 Rxe6 36. Bxg7 Ne7 37. Be5 Rb2 38. Nxe7 Rxe7 39. Rxe4 Ra7 40. Re1 Raa2 41. Ne3 Kg6 42. c4 Rb7 43. c5 1-0

[Event "2BLN 2324 SK Doppelbauer Turm Kiel II -"]
[Site "?"]
[Date "2024.02.25"]
[Round "8.2"]
[White "Parvanyan, Ashot"]
[Black "Feuerstack, Aljoscha"]
[Result "0-1"]
[WhiteElo "2412"]
[BlackElo "2468"]
[PlyCount "122"]
[EventDate "2024.??.??"]

1. d4 d5 2. Nf3 Bf5 3. c4 e6 4. Nc3 Nc6 5. Bf4 Bd6 6. cxd5 exd5 7. Nxd5 Be4 8. Bxd6 Qxd6 9. Nc3 Bxf3 10. gxf3 Qxd4 11. Qxd4 Nxd4 12. O-O-O Rd8 13. e3 Ne6 14. Bc4 Nf6 15. Rxd8+ Kxd8 16. f4 Ke7 17. f5 Nc5 18. Rg1 g6 19. e4 gxf5 20. e5 Ng4 21. Nd5+ Kd8 22. f4 c6 23. Nf6 Nxf6 24. exf6 Ne4 25. Rg7 Nd6 26. Bb3 h5 27. h4 Rh6 28. Rg5 Ne4 29. Rxf5 Rxf6 30. Rxh5 Rxf4 31. Rh8+ Ke7 32. Ra8 Rxh4 33. Rxa7 Nd6 34. a4 Rb4 35. Kc2 Kf6 36. Kc3 Rh4 37. Bc2 Rh3+ 38. Kd4 Rh2 39. Kc3 Rh3+ 40. Kd4 Rh2 41. Kc3 c5 42. b3 Ke5 43. Ra8 f5 44. Rf8 Rh3+ 45. Bd3 Ne4+ 46. Kc4 Nd2+ 47. Kc3 Nxb3 48. Rxf5+ Ke6 49. Rf1 c4 50. Kxc4 Nd2+ 51. Kc5 Rxd3 52. Rf4 Rb3 53. Rh4 Nf3 54. Rh6+ Kd7 55. a5 Ne5 56. Rh5 Nc6 57. Rh7+ Ne7 58. Rg7 Re3 59. Kb6 Kc8 60. Rg5 Re6+ 61. Kb5 Kb8 0-1

[Event "2BLN 2324 SK Doppelbauer Turm Kiel II -"]
[Site "?"]
[Date "2024.02.25"]
[Round "8.3"]
[White "Krause, Benedict"]
[Black "Hector, Jonny"]
[Result "1/2-1/2"]
[WhiteElo "2402"]
[BlackElo "2449"]
[PlyCount "60"]
[EventDate "2024.??.??"]

1. e4 e5 2. Nf3 Nc6 3. Bc4 Nf6 4. d3 d5 5. exd5 Nxd5 6. O-O Nb6 7. Bb5 Bd6 8. Nxe5 Bxe5 9. Bxc6+ bxc6 10. Re1 Qe7 11. Kh1 Bb7 12. f4 O-O-O 13. Rxe5 Qh4 14. Nc3 c5 15. Qe1 Qxe1+ 16. Rxe1 c4 17. d4 Rxd4 18. Be3 Rd6 19. Kg1 Rg6 20. Re2 Re8 21. Rae1 f5 22. Bd2 Rd8 23. g3 h5 24. Re8 h4 25. Rxd8+ Kxd8 26. Re3 Nd7 27. Be1 hxg3 28. Rxg3 Re6 29. Bf2 g6 30. Re3 Rxe3 {(=)} 1/2-1/2

[Event "2BLN 2324 SK Doppelbauer Turm Kiel II -"]
[Site "?"]
[Date "2024.02.25"]
[Round "8.4"]
[White "Arndt, Magnus"]
[Black "Socko, Monika"]
[Result "1-0"]
[WhiteElo "2381"]
[BlackElo "2427"]
[PlyCount "81"]
[EventDate "2024.??.??"]

1. d4 Nf6 2. c4 e6 3. Nc3 Bb4 4. e3 O-O 5. Bd2 d5 6. Nf3 a6 7. Rc1 dxc4 8. Bxc4 c5 9. Be2 Nc6 10. a3 cxd4 11. axb4 dxc3 12. bxc3 Ne4 13. Qc2 Nxd2 14. Nxd2 e5 15. O-O Qe7 16. Rfd1 Be6 17. Ne4 Bf5 18. Bd3 Rad8 19. Nf6+ Qxf6 20. Bxf5 g6 21. Be4 Rxd1+ 22. Rxd1 Rd8 23. g3 Rd6 24. Rd5 Kf8 25. Qd1 Ke7 26. Qg4 Rxd5 27. Bxd5 Nd8 28. Qc8 Qb6 29. Kg2 f6 30. h4 Qb5 31. e4 Qd7 32. Qc5+ Qd6 33. Qe3 Qc7 34. Qh6 Kd6 35. h5 Qxc3 36. Qf8+ Kd7 37. h6 Qc7 38. Qxf6 b6 39. Bg8 Qc6 40. Qxe5 g5 41. Qg7+ 1-0

[Event "2BLN 2324 SK Doppelbauer Turm Kiel II -"]
[Site "?"]
[Date "2024.02.25"]
[Round "8.5"]
[White "Krause, Jonah"]
[Black "Kopylov, Daniel"]
[Result "1/2-1/2"]
[WhiteElo "2370"]
[BlackElo "2340"]
[PlyCount "51"]
[EventDate "2024.??.??"]

1. d4 Nf6 2. c4 e6 3. Nf3 d5 4. Nc3 Bb4 5. cxd5 exd5 6. Bg5 h6 7. Bh4 O-O 8. e3 Bf5 9. Be2 Nbd7 10. Qb3 Bxc3+ 11. Qxc3 c6 12. Nd2 Ne4 13. Bxd8 Nxc3 14. bxc3 Rfxd8 15. Nf1 c5 16. Ng3 Bg6 17. Kd2 Rac8 18. a4 Nf6 19. Bd3 Bxd3 20. Kxd3 Ne8 21. Nf5 Kh7 22. dxc5 Rxc5 23. Rhb1 b6 24. Rb5 Rdc8 25. Rxc5 Rxc5 26. f3 1/2-1/2

[Event "2BLN 2324 SK Doppelbauer Turm Kiel II -"]
[Site "?"]
[Date "2024.02.25"]
[Round "8.6"]
[White "Farokhi, Keyvan"]
[Black "Ertan, Can"]
[Result "0-1"]
[WhiteElo "2305"]
[BlackElo "2361"]
[PlyCount "64"]
[EventDate "2024.??.??"]

1. e4 e5 2. Nf3 Nc6 3. Bb5 a6 4. Ba4 Nf6 5. O-O Nxe4 6. d4 b5 7. Bb3 d5 8. dxe5 Be6 9. Qe2 Bc5 10. Be3 O-O 11. Rd1 Na5 12. Bxc5 Nxc5 13. Qe3 Ncb7 14. Nbd2 c5 15. c3 Bf5 16. Qf4 Bg6 17. Rac1 c4 18. Bc2 Nc5 19. Ne1 Bxc2 20. Rxc2 Ne6 21. Qe3 d4 22. cxd4 Qxd4 23. Qa3 Nc6 24. Nef3 Qg4 25. h3 Qg6 26. Rcc1 Nf4 27. Nh4 Qh5 28. Ndf3 Ne2+ 29. Kh1 Nxc1 30. Rd6 Nxe5 31. g4 Nxg4 32. hxg4 Qxg4 0-1

[Event "2BLN 2324 SK Doppelbauer Turm Kiel II -"]
[Site "?"]
[Date "2024.02.25"]
[Round "8.7"]
[White "Sawatzki, Frank"]
[Black "Ermitsch, Magnus"]
[Result "0-1"]
[WhiteElo "2352"]
[BlackElo "2368"]
[PlyCount "87"]
[EventDate "2024.??.??"]

1. e4 c5 2. Nf3 d6 3. d4 cxd4 4. Nxd4 Nf6 5. Nc3 a6 6. Be2 e5 7. Nf3 Be7 8. Bg5 Be6 9. Bxf6 Bxf6 10. O-O Be7 11. Nd5 Nd7 12. Bc4 b5 13. Bb3 Nc5 14. Re1 O-O 15. c3 Rb8 16. Nb4 Qb6 17. Bd5 Rfc8 18. Nc2 Na4 19. Rb1 Qc5 20. Ne3 Nb6 21. Bxe6 fxe6 22. Nd2 Rf8 23. Qg4 Rf6 24. Qe2 Rbf8 25. f3 Rg6 26. Kh1 Bh4 27. Red1 Bg5 28. Ndf1 d5 29. Ng4 Bf4 30. g3 h5 31. Nf2 Bh6 32. Rd3 Rgf6 33. Rbd1 Qc4 34. b3 Qc7 35. Kg2 a5 36. h3 b4 37. Qe1 Qe7 38. cxb4 axb4 39. a3 bxa3 40. Qa5 Qc7 41. Rc3 Qd6 42. Qc5 Qxc5 43. Rxc5 Rxf3 44. Nd3 0-1

[Event "2BLN 2324 SK Doppelbauer Turm Kiel II -"]
[Site "?"]
[Date "2024.02.25"]
[Round "8.8"]
[White "Boe, Mads"]
[Black "Mueller, Fabian"]
[Result "1/2-1/2"]
[WhiteElo "2292"]
[BlackElo "2241"]
[PlyCount "41"]
[EventDate "2024.??.??"]

1. e4 c5 2. c3 Nf6 3. e5 Nd5 4. d4 cxd4 5. Nf3 e6 6. cxd4 d6 7. a3 Bd7 8. Bd3 Bc6 9. O-O Nd7 10. Re1 Rc8 11. b4 a6 12. Bb2 dxe5 13. dxe5 N7b6 14. Nd4 Nf4 15. Be4 Bxe4 16. Rxe4 Ng6 17. Nd2 Be7 18. N4f3 O-O 19. g3 Qd7 20. Bd4 Nd5 21. Re1 {(=)} 1/2-1/2

[Event "2BLN 2324 Lübecker SV - Hamburger SK II"]
[Site "?"]
[Date "2024.02.25"]
[Round "8.1"]
[White "Lubbe, Nikolas"]
[Black "Kalinitschew, Sergey"]
[Result "1-0"]
[WhiteElo "2506"]
[BlackElo "2391"]
[PlyCount "83"]
[EventDate "2024.??.??"]

1. d4 g6 2. Nf3 Bg7 3. c4 Nf6 4. e3 O-O 5. Be2 d6 6. Nc3 Nbd7 7. O-O e5 8. b4 Re8 9. Qc2 Nf8 10. dxe5 dxe5 11. Rd1 N6d7 12. c5 a5 13. b5 e4 14. c6 exf3 15. Bxf3 bxc6 16. bxc6 Rb8 17. cxd7 Bxd7 18. Ba3 Qc8 19. Rac1 Bf5 20. Qa4 Be5 21. Nd5 Kg7 22. Ne7 Qe6 23. Nc6 h5 24. Nxb8 Rxb8 25. Qxa5 Nh7 26. Bd5 Qe8 27. Bc6 Qe6 28. Bd7 Qf6 29. Bxf5 gxf5 30. f4 Bb2 31. Bxb2 Rxb2 32. Rd2 Rb6 33. h3 Qe6 34. Qe5+ Nf6 35. Qxe6 Rxe6 36. Rd3 Ra6 37. a3 Rb6 38. a4 Ne4 39. a5 Ra6 40. Rd5 c6 41. Rxf5 f6 42. Rxh5 1-0

[Event "2BLN 2324 Lübecker SV - Hamburger SK II"]
[Site "?"]
[Date "2024.02.25"]
[Round "8.2"]
[White "Waldhausen Gordon, Frederick"]
[Black "Peyrer, Konstantin"]
[Result "1-0"]
[WhiteElo "2365"]
[BlackElo "2437"]
[PlyCount "65"]
[EventDate "2024.??.??"]

1. e4 e5 2. Nf3 Nc6 3. Bc4 Nf6 4. Ng5 d5 5. exd5 Na5 6. Bb5+ c6 7. dxc6 bxc6 8. Bd3 Ng4 9. Ne4 f5 10. Be2 h5 11. h3 fxe4 12. hxg4 Bc5 13. Nc3 Qd4 14. O-O O-O 15. Qe1 hxg4 16. d3 exd3 17. Bxd3 g3 18. Be3 gxf2+ 19. Bxf2 Rxf2 20. Rxf2 Qxf2+ 21. Qxf2 Bxf2+ 22. Kxf2 Bd7 23. b4 Nb7 24. Rd1 Bg4 25. Re1 Re8 26. Kg3 Bh5 27. Be4 Nd6 28. Bxc6 Rc8 29. b5 Nxb5 30. Bd5+ Bf7 31. Bxf7+ Kxf7 32. Nxb5 Rxc2 33. Nxa7 1-0

[Event "2BLN 2324 Lübecker SV - Hamburger SK II"]
[Site "?"]
[Date "2024.02.25"]
[Round "8.3"]
[White "Roebers, Eline"]
[Black "Krause, Ullrich"]
[Result "1-0"]
[WhiteElo "2368"]
[BlackElo "2189"]
[PlyCount "69"]
[EventDate "2024.??.??"]

1. e4 e6 2. d4 d5 3. Nc3 Nf6 4. e5 Nfd7 5. Nce2 c5 6. c3 Nc6 7. Nf3 Qb6 8. g3 cxd4 9. cxd4 f6 10. exf6 Nxf6 11. Bh3 Bb4+ 12. Kf1 O-O 13. Be3 Ne4 14. Kg2 Qd8 15. a3 Bd6 16. Nd2 Nf6 17. f4 Qe8 18. Nc3 Qg6 19. Nf3 Ne7 20. Nh4 Qf7 21. Qd3 Bd7 22. Rhe1 Ne4 23. Kg1 Nf5 24. Nf3 Qh5 25. Bg2 g5 26. fxg5 Nfxg3 27. hxg3 Bxg3 28. Rf1 Nxc3 29. bxc3 Rac8 30. Ra2 Ba4 31. Rb2 Rc7 32. Qe2 Rxc3 33. g6 a6 34. Bg5 Bd7 35. Rxb7 1-0

[Event "2BLN 2324 Lübecker SV - Hamburger SK II"]
[Site "?"]
[Date "2024.02.25"]
[Round "8.4"]
[White "Lampe, Dirk"]
[Black "Colpe, Malte"]
[Result "1/2-1/2"]
[WhiteElo "2156"]
[BlackElo "2398"]
[PlyCount "136"]
[EventDate "2024.??.??"]

1. e4 e5 2. Nf3 Nf6 3. Nxe5 d6 4. Nf3 Nxe4 5. d3 Nf6 6. d4 g6 7. Bd3 Bg7 8. O-O O-O 9. h3 c5 10. c3 Nc6 11. dxc5 dxc5 12. Qc2 Qc7 13. Bg5 h6 14. Bxf6 Bxf6 15. Nbd2 b6 16. Rfe1 Bb7 17. Nf1 Rad8 18. Rad1 Ne7 19. Be4 Bc8 20. Ng3 Bg7 21. Rxd8 Rxd8 22. Rd1 Rxd1+ 23. Qxd1 b5 24. Qd2 Be6 25. a3 a6 26. Ne2 f5 27. Bd3 Bf7 28. Qe3 Nd5 29. Qd2 Nb6 30. Nc1 Kh7 31. Be2 Qe7 32. Ne1 Bf6 33. Nf3 Kg7 34. g3 Qe4 35. h4 Bd5 36. Nd3 Na4 37. Nf4 Bf7 38. Kh2 c4 39. Bd1 Nc5 40. Qd6 Nd3 41. Nxd3 Qxd3 42. Qxd3 cxd3 43. Kg1 a5 44. a4 b4 45. cxb4 axb4 46. b3 Bc3 47. Kf1 Bd5 48. Ne1 d2 49. Nf3 Kf6 50. Ke2 Bxf3+ 51. Kxf3 Ke5 52. Ke2 f4 53. gxf4+ Kxf4 54. Kd3 Bf6 55. h5 gxh5 56. Bxh5 Bh4 57. Kxd2 Bxf2 58. Kd3 Ke5 59. Kc4 Kd6 60. Kxb4 Kc6 61. Kc4 Bh4 62. b4 Be7 63. a5 Kb7 64. Bg4 Ka7 65. Kb5 Bd6 66. Kc4 Be7 67. b5 Bd8 68. Kb4 Bc7 1/2-1/2

[Event "2BLN 2324 Lübecker SV - Hamburger SK II"]
[Site "?"]
[Date "2024.02.25"]
[Round "8.5"]
[White "Woelk, Tom-Frederic"]
[Black "Sommer, Justus"]
[Result "1/2-1/2"]
[WhiteElo "2356"]
[BlackElo "2155"]
[PlyCount "83"]
[EventDate "2024.??.??"]

1. e4 e5 2. Nf3 Nc6 3. Bb5 a6 4. Ba4 Nf6 5. O-O Be7 6. Re1 b5 7. Bb3 d6 8. c3 O-O 9. h3 Na5 10. Bc2 c5 11. d4 Qc7 12. d5 Bd7 13. b3 Nb7 14. Be3 g6 15. Nbd2 Nh5 16. Bh6 Ng7 17. g4 f6 18. Kh2 Nd8 19. Rg1 Nf7 20. Be3 Kh8 21. a4 Qb7 22. Qb1 Bd8 23. b4 Bb6 24. bxc5 Bxc5 25. Bxc5 dxc5 26. Qe1 Qc7 27. Qe3 c4 28. Ra2 Nd6 29. axb5 axb5 30. Rga1 Rxa2 31. Rxa2 Rb8 32. Ra6 g5 33. Kg3 h6 34. h4 Kh7 35. hxg5 hxg5 36. Nxg5+ fxg5 37. Qxg5 Nf7 38. Qh4+ Kg8 39. g5 Rb6 40. Ra8+ Bc8 41. Nf3 Qd8 42. Bd1 {(=)} 1/2-1/2

[Event "2BLN 2324 Lübecker SV - Hamburger SK II"]
[Site "?"]
[Date "2024.02.25"]
[Round "8.6"]
[White "Koop, Thilo"]
[Black "Garner, Isaac"]
[Result "0-1"]
[WhiteElo "2096"]
[BlackElo "2299"]
[PlyCount "108"]
[EventDate "2024.??.??"]

1. e4 e5 2. Nf3 Nc6 3. Nc3 Nf6 4. a3 d5 5. Bb5 d4 6. Ne2 Bd6 7. d3 Bd7 8. Ng3 h6 9. c4 Ne7 10. Ba4 c5 11. Bd2 Kf8 12. b4 Bxa4 13. Qxa4 Nd7 14. O-O g6 15. Qd1 Kg7 16. Rb1 Nc6 17. h4 h5 18. Ng5 Qe7 19. bxc5 Nxc5 20. Bb4 b6 21. Bxc5 Bxc5 22. a4 Qd7 23. Nf3 Qg4 24. a5 Rhe8 25. axb6 axb6 26. Ra1 Qd7 27. Qe2 Ra5 28. Nd2 Rea8 29. Nb3 Rxa1 30. Rxa1 Rxa1+ 31. Nxa1 Be7 32. Qb2 Qa7 33. Nc2 Qa5 34. Nf1 Bxh4 35. Qb5 Qxb5 36. cxb5 Na7 37. Na3 Bd8 38. Nd2 f6 39. Ndc4 Be7 40. Kf1 Kf7 41. g3 Ke6 42. f4 exf4 43. gxf4 Bxa3 44. Nxa3 Kd6 45. Nc4+ Kc5 46. e5 fxe5 47. Nxe5 Nxb5 48. Nxg6 Nd6 49. Nh4 Kb4 50. Ke2 Kc3 51. Ng6 Nf5 52. Ne5 b5 53. Nd7 b4 54. Nb6 Kc2 0-1

[Event "2BLN 2324 Lübecker SV - Hamburger SK II"]
[Site "?"]
[Date "2024.02.25"]
[Round "8.7"]
[White "Bracker, Frank"]
[Black "Engel, Bruno"]
[Result "1-0"]
[WhiteElo "2293"]
[BlackElo "1992"]
[PlyCount "95"]
[EventDate "2024.??.??"]

1. c4 b6 2. Nf3 Bb7 3. g3 Nf6 4. Bg2 e6 5. O-O Be7 6. d4 O-O 7. Nc3 Ne4 8. Bd2 d6 9. Qc2 Nxc3 10. Bxc3 f5 11. Ne1 Qc8 12. d5 e5 13. Bh3 c6 14. e4 cxd5 15. cxd5 Ba6 16. Bxf5 Rxf5 17. exf5 Bxf1 18. Kxf1 Nd7 19. Kg1 Nf6 20. Ng2 Qc5 21. Ne3 Rc8 22. a4 Kh8 23. Qd3 a5 24. Kg2 Qc7 25. h4 Nd7 26. Qe4 Qb7 27. Kh3 Nc5 28. Qc2 Qa6 29. Kg2 Bd8 30. g4 b5 31. axb5 Qxb5 32. g5 Nd3 33. Qa4 Nf4+ 34. Kh2 Rb8 35. Qxb5 Rxb5 36. b4 Bb6 37. bxa5 Ba7 38. a6 Kg8 39. Ra4 Nd3 40. Rc4 Rc5 41. Rxc5 Nxc5 42. Bb4 Nd3 43. Bxd6 Nxf2 44. Nc4 e4 45. Kg2 Nd3 46. Bc7 Ne1+ 47. Kf1 Nf3 48. d6 1-0

[Event "2BLN 2324 Lübecker SV - Hamburger SK II"]
[Site "?"]
[Date "2024.02.25"]
[Round "8.8"]
[White "Sickmann, Lisa"]
[Black "Lubbe, Melanie"]
[Result "0-1"]
[WhiteElo "2106"]
[BlackElo "2232"]
[PlyCount "92"]
[EventDate "2024.??.??"]

1. e4 g6 2. d4 Bg7 3. g3 d6 4. Bg2 Nc6 5. Ne2 e5 6. Be3 Nf6 7. h3 O-O 8. O-O Re8 9. Nbc3 a6 10. a4 Bd7 11. Qd2 exd4 12. Nxd4 Ne5 13. Qe2 c5 14. Nb3 b5 15. axb5 axb5 16. Nxb5 Rxa1 17. Rxa1 Qb8 18. Nxd6 Qxd6 19. f4 Nxe4 20. Bxe4 Nc6 21. Nxc5 Nd4 22. Qc4 Bb5 23. Qd5 Qxd5 24. Bxd5 Rxe3 25. c3 Ne6 26. Ra8+ Nf8 27. Ra7 Re1+ 28. Kf2 Re2+ 29. Kf3 Rxb2 30. Bxf7+ Kh8 31. c4 Bc6+ 32. Bd5 Bd4 33. Bxc6 Bxc5 34. Rb7 Rxb7 35. Bxb7 Kg7 36. Ke4 Nd7 37. Kd5 Bf2 38. Kd6 Nc5 39. Bd5 Nd3 40. g4 Nxf4 41. Be4 Nxh3 42. c5 Ng5 43. Bd5 Nf7+ 44. Bxf7 Kxf7 45. c6 Bg3+ 46. Kd5 Kf6 0-1

[Event "2BLN 2324 SV Glückauf Rüdersdorf - Ham"]
[Site "?"]
[Date "2024.03.16"]
[Round "9.1"]
[White "Peyrer, Konstantin"]
[Black "Kanarek, Marcel"]
[Result "1-0"]
[WhiteElo "2434"]
[BlackElo "2491"]
[PlyCount "71"]
[EventDate "2024.??.??"]

1. d4 Nf6 2. c4 g6 3. Nc3 Bg7 4. e4 d6 5. h3 e5 6. dxe5 dxe5 7. Qxd8+ Kxd8 8. Nf3 Nbd7 9. Be3 c6 10. O-O-O Ke7 11. Kc2 Ne8 12. c5 Nc7 13. b4 Ne6 14. Bc4 Ndf8 15. Rd6 Bd7 16. Rhd1 Rc8 17. a4 Nf4 18. Ng5 Nxg2 19. Bc1 Be8 20. Nxf7 Nf4 21. Nxh8 Bxh8 22. Ne2 N8e6 23. a5 a6 24. h4 Bg7 25. h5 Bh8 26. Nxf4 Nxf4 27. Bxf4 exf4 28. hxg6 hxg6 29. e5 Bg7 30. Rg1 Kf8 31. Bd3 Bxe5 32. Re6 Bd4 33. Re4 Bf6 34. Rxf4 Kg7 35. Rfg4 g5 36. f4 1-0

[Event "2BLN 2324 SV Glückauf Rüdersdorf - Ham"]
[Site "?"]
[Date "2024.03.16"]
[Round "9.2"]
[White "Pacan-Milej, Kosma"]
[Black "Colpe, Malte"]
[Result "1/2-1/2"]
[WhiteElo "2435"]
[BlackElo "2384"]
[PlyCount "91"]
[EventDate "2024.??.??"]

1. d4 Nf6 2. c4 e6 3. Nc3 d5 4. cxd5 exd5 5. Bg5 c6 6. e3 h6 7. Bh4 Be7 8. Bd3 O-O 9. Qc2 Re8 10. Nge2 a5 11. O-O Na6 12. a3 Nc7 13. Rae1 Ne6 14. Nc1 b5 15. a4 b4 16. N3e2 Bd7 17. Nb3 Rc8 18. Rc1 Bd6 19. Bg3 Bxg3 20. Nxg3 g6 21. Rfe1 h5 22. Nf1 Kg7 23. Nfd2 h4 24. Nf3 h3 25. g3 Ng4 26. Qe2 Qb6 27. Nh4 Nf6 28. Qc2 Rh8 29. f4 c5 30. Nxc5 Nxc5 31. dxc5 Qa7 32. Nf3 Rc7 33. Nd4 Rhc8 34. Qd2 Rxc5 35. Rxc5 Qxc5 36. f5 g5 37. Bc2 Kf8 38. Qd3 g4 39. Qa6 Kg7 40. Qf1 Qd6 41. Qe2 Qe5 42. Rf1 Re8 43. Rc1 Rc8 44. Rf1 Re8 45. Re1 Rc8 46. Rf1 1/2-1/2

[Event "2BLN 2324 SV Glückauf Rüdersdorf - Ham"]
[Site "?"]
[Date "2024.03.16"]
[Round "9.3"]
[White "Woelk, Tom-Frederic"]
[Black "Steczek, Marcin"]
[Result "1-0"]
[WhiteElo "2345"]
[BlackElo "2335"]
[PlyCount "65"]
[EventDate "2024.??.??"]

1. e4 e6 2. d4 d5 3. Nc3 Be7 4. Nf3 Nf6 5. Bd3 c5 6. exd5 exd5 7. dxc5 O-O 8. Bg5 Nc6 9. O-O Be6 10. Na4 d4 11. a3 Qd5 12. b4 Rad8 13. Re1 Rfe8 14. Nb2 Bg4 15. Bc4 Qf5 16. Qd3 Qxd3 17. Nxd3 Bxf3 18. gxf3 h6 19. Bd2 Nd7 20. b5 Ncb8 21. Bb4 Bf8 22. Rxe8 Rxe8 23. Bd5 b6 24. c6 Nf6 25. Bb3 a5 26. Bxf8 Kxf8 27. f4 Ke7 28. Ne5 Kd6 29. Rd1 Kc5 30. a4 Re7 31. c3 dxc3 32. Rd8 Kb4 33. Bd1 1-0

[Event "2BLN 2324 SV Glückauf Rüdersdorf - Ham"]
[Site "?"]
[Date "2024.03.16"]
[Round "9.4"]
[White "Maciejczak, Jakub"]
[Black "Van Delft, Merijn"]
[Result "1-0"]
[WhiteElo "2339"]
[BlackElo "2376"]
[PlyCount "95"]
[EventDate "2024.??.??"]

1. Nf3 Nf6 2. g3 d5 3. Bg2 c6 4. O-O Bf5 5. b3 h6 6. Bb2 e6 7. d3 Be7 8. c4 O-O 9. Nbd2 a5 10. a3 Re8 11. Qc2 Nbd7 12. Bc3 Bd6 13. b4 axb4 14. axb4 Rxa1 15. Rxa1 e5 16. Qb3 Bh7 17. Nf1 Bf8 18. N3d2 e4 19. dxe4 dxe4 20. Ne3 Ne5 21. h3 Ned7 22. Ra7 Qb8 23. Qa2 Bg6 24. Qa1 c5 25. b5 Bd6 26. Ra3 h5 27. Bb2 Kh7 28. Ndf1 Bc7 29. Ra2 Bd6 30. Bc3 Be5 31. Rd2 Bxc3 32. Qxc3 Nb6 33. h4 Qc7 34. Bh3 Re5 35. Rd1 Ne8 36. Qd2 f6 37. Qd8 Qxd8 38. Rxd8 Bf7 39. Nd2 g6 40. Rb8 Nd6 41. Rd8 Ndxc4 42. Ndxc4 Nxc4 43. Rd7 Nxe3 44. Rxf7+ Kg8 45. Rxb7 Nc4 46. b6 f5 47. Rb8+ Kg7 48. b7 1-0